'The Heroes of Olympus' Books Quiz Stats

 Plays Quiz Updated Oct 7, 2014

Challenge
Share
Tweet
Embed
Score 0/5 Timer 02:00
3 Plays Today
Year Books % Correct
2010The Lost Hero
94.7%
2011The Son of Neptune
93.1%
2012The Mark of Athena
91.8%
2013The House of Hades
90.2%
2014The Blood of Olympus
84.8%

You're not logged in!

Compare scores with friends on all Sporcle quizzes.
OR
Log In

You Might Also Like...

Show Comments

Extras

Top Quizzes Today


Score Distribution

Your Account Isn't Verified!

In order to create a playlist on Sporcle, you need to verify the email address you used during registration. Go to your Sporcle Settings to finish the process.

Report this User

Report this user for behavior that violates our Community Guidelines.

Details: